The Bantam New College French and English dictionary. (Record no. 20310)

MARC details
000 -LEADER
fixed length control field 00591cam a2200205 a 4500
001 - CONTROL NUMBER
control field 1375714
003 - CONTROL NUMBER IDENTIFIER
control field MUT
005 - DATE AND TIME OF LATEST TRANSACTION
control field 20240606081515.0
008 - FIXED-LENGTH DATA ELEMENTS--GENERAL INFORMATION
fixed length control field 041021s2004 nyu d 000 0 eng
020 ## - INTERNATIONAL STANDARD BOOK NUMBER
International Standard Book Number 9780553274110
040 ## - CATALOGING SOURCE
Transcribing agency MUT
050 00 - LIBRARY OF CONGRESS CALL NUMBER
Classification number Ref PC 2640
Item number .S7 1989
100 ## - MAIN ENTRY--PERSONAL NAME
Personal name Steiner, Roger J.
245 00 - TITLE STATEMENT
Title The Bantam New College French and English dictionary.
Remainder of title Roger J. Steiner
250 ## - EDITION STATEMENT
Edition statement Rev. ed.
260 ## - PUBLICATION, DISTRIBUTION, ETC.
Place of publication, distribution, etc. New York
Name of publisher, distributor, etc. Bantam Books
Date of publication, distribution, etc. 1989
650 #0 - SUBJECT ADDED ENTRY--TOPICAL TERM
Topical term or geographic name entry element French language
Form subdivision Dictionaries
General subdivision English.
650 #0 - SUBJECT ADDED ENTRY--TOPICAL TERM
Topical term or geographic name entry element English language
Form subdivision Dictionaries
General subdivision French.
942 ## - ADDED ENTRY ELEMENTS (KOHA)
Source of classification or shelving scheme Library of Congress Classification
Koha item type Reference
Holdings
Withdrawn status Lost status Source of classification or shelving scheme Damaged status Not for loan Collection Home library Current library Shelving location Date acquired Source of acquisition Total checkouts Full call number Barcode Date last seen Price effective from Koha item type
    Library of Congress Classification   Not for loan Reference Murang'a University of Technology Library Murang'a University of Technology Library Reference 23/01/2020 Donation-TFC   Ref PC 2640 .S7 1989 002638 18/09/2024 23/01/2020 Reference